01923nam a2200277zi 4500001001900000003000600019007000300025008004100028020001800069035002700087035002400114040003800138041000800176050002100184100003200205245012800237260004000365300005600405504005000461520095900511650002701470650003101497942000801528952009401536999001501630991026747720707026UkOxUta220622e202308uuxxka g |||||||0|0 eng|d a9781800812222 a(UK-WkNB)9781800812222 a(StEdALDL)1/4311885 aUK-WkNBbengcUK-WkNBerdadUkOxU aeng aBF408b.F67 2022 aForte, Tiagoeauthor92596510aBuilding a second brainb: a proven method to organise your digital life and unlock your creative potentialc/ Tiago Forte. aLondon :bProfile Books Ltd,c2023. a272 pages :billustrations, tables, charts ;c20 cm aIncludes bibliographical references and index aDiscover the full potential of your ideas and make powerful, meaningful improvements in your work and life by Building a Second Brain. For the first time in history, we have instantaneous access to the world's knowledge. There has never been a better time to learn, to create and to improve ourselves. Yet, rather than being empowered by this information, we're often overwhelmed, paralysed by believing we'll never know or remember enough. This eye-opening and accessible guide shows how you can easily create your own personal system for knowledge management, otherwise known as a Second Brain. A trusted and organised digital repository of your most valued ideas, notes and creative work, a Second Brain gives you the confidence to tackle your most important projects and ambitious goals. From identifying good ideas, to organising your thoughts, to retrieving everything swiftly and easily, it puts you back in control of your life and information. 0aCreative ability97047 0aThought and thinking95951 2lcc 00102lcc4070aTBSbTBSd2025-10-01l0oBF408 FORpB07629r2025-10-01t1w2025-10-01y1 c4986d4986